Nông nghiệp nông thôn Trung Quốc thập niên đầu thế kỷ XXI /

Na minha lista:
Detalhes bibliográficos
Autor principal: Nguyễn Xuân Cường, TS.
Formato: Atigo
Idioma:Vietnamese
Assuntos:
Tags: Adicionar Tag
Sem tags, seja o primeiro a adicionar uma tag!
Thư viện lưu trữ: Thư viện Trường Đại học Đà Lạt
LEADER 00819nam a2200265 4500
001 DLU140166112
005 ##20141212
040 # # |a DLU  |b vie 
041 # # |a vie 
044 # # |a vn 
100 # # |a Nguyễn Xuân Cường,  |c TS. 
245 # # |a Nông nghiệp nông thôn Trung Quốc thập niên đầu thế kỷ XXI /  |c Nguyễn Xuân Cường. 
653 # # |a Bài học kinh nghiệm 
653 # # |a Chính sách nông nghiệp 
653 # # |a Trung Quốc 
773 # # |t Tạp chí Nghiên cứu Trung Quốc  |g Số5(129), 2012, tr. 18-27 
920 # # |a Phòng Tạp chí -- Trung tâm Thông tin - Thư viện Trường Đại học Đà Lạt 
994 # # |a DLU 
900 # # |a True 
911 # # |a Nguyễn Thị Mai Anh 
925 # # |a G 
926 # # |a A 
927 # # |a BB 
980 # # |a Thư viện Trường Đại học Đà Lạt